Maladies à déclaration obligatoire - Statistiques

Statistiques générales
  • Ce quiz a été pris 617 fois
  • Le résultat moyen est 17 sur 38
Statistiques - réponses
MDO % Correct
VIH
87%
Tuberculose
73%
Rougeole
72%
Hépatite aiguë B
64%
Paludisme autochtone (France métropolitaine)
60%
Paludisme d'importation (Outre-mer)
60%
Rubéole
60%
Rage
57%
Hépatite aiguë A
56%
Peste
55%
Tétanos
55%
Dengue
52%
Choléra
50%
Fièvre jaune
49%
Orthopoxviroses (variole)
49%
COVID 19
48%
Zika
45%
Poliomyélite
44%
Chikungunya
43%
Diphtérie
43%
Brucellose
41%
Botulisme
38%
Légionellose
38%
Charbon
37%
Saturnisme de l'enfant
36%
Fièvre typhoïde et paratyphoïdes
35%
Listériose
35%
Mésothéliomes
35%
TIAC
35%
Fièvres hémorragiques africaines
34%
Typhus exanthématique
34%
Virus du West Nile
34%
Leptospirose
29%
Encéphalite à tiques
28%
Encéphalopathies subaiguës spongiformestransmissibles humaines
(Maladie de Creutzfeldt-Jakob)
25%
Infection invasive à méningocoque
24%
Tularémie
24%
Schistosomiase autochtone (bilharziose)
22%
Aucun quiz correspondant
Distribution des résultats
% des personnes avec chaque résultat
Percentile par nombre de réponses
Votre historique - résultats
Vous n’avez pas pris ce quiz